• 首页
  • 本馆介绍
  • 公告通知
  • 最新文献
  • 馆藏检索
  • 电子资源
  • 读者导购
  • 参考咨询
  • 我的图书馆
  • 登录
  • 详细信息显示
  • 放入我的书架
  • 预约/预借图书
  • 作者相关作品
  • 分类相关作品
  • 丛书相关作品
  • 出版社相关作品

书目信息

  • 表格格式
  • 工作单格式
  • 卡片格式
题名:
不安静的孩子
    
 
作者: 普雷科普 , Prekop , 施魏策尔 著 ;刘海燕 译
分册:  
出版信息: 北京   新华出版社  1999
页数: 224页
开本: 20cm
丛书名: 青苹果丛书
单 册:
中图分类: R749.94 , R395.6
科图分类:
主题词: 多动症--诊疗 , 多动症 , 医学心理学 , 病理心理学
电子资源:
ISBN: 7-5011-4303-X
000 01049oam2 2200337 450
001 1561370333
005 20150131170701.68
010    @a7-5011-4303-X@dCNY14.00
100    @a19990327d1999 em y0chiy0110 ea
101 1  @achi@cger
102    @aCN@b110000
105    @ay z 000yy
200 1  @a不安静的孩子@9bu an jing de hai zi@e如何克服孩子的多动症@f(德)伊琳娜·普雷科普(J.Prekop),(德)克里斯特尔·施魏策尔著@g刘海燕译
210    @a北京@c新华出版社@d1999
215    @a224页@d20cm
225 2  @a青苹果丛书
300    @a著者外文姓名取自在版编目数据
461  0 @12001 @a青苹果丛书
517 1  @a如何克服孩子的多动症@9ru he ke fu hai zi de duo dong zheng
606 0  @a多动症@x诊疗
606 0  @a多动症
606 0  @a医学心理学
606 0  @a病理心理学
690    @aR749.94@v5
690    @aR395.6@v4
701  1 @a普雷科普@9pu lei ke pu@bJ.@4著
701  1 @aPrekop@bJ.@4著
701  1 @a施魏策尔@9shi wei ce er@b克里斯特尔@4著
702  0 @a刘海燕@9liu hai yan@4译
801  0 @aCN@bTSSF@c20150131
905    @aZUCC@dR395.6@eJY252
    
    不安静的孩子:如何克服孩子的多动症/(德)伊琳娜·普雷科普(J.Prekop),(德)克里斯特尔·施魏策尔著/刘海燕译.-北京:新华出版社,1999
    224页;20cm.-(青苹果丛书)
    著者外文姓名取自在版编目数据
    
    ISBN 7-5011-4303-X:CNY14.00
    
●
相关链接 在E读中查询图书 在五车中查询图书 在当当中查询图书 在豆瓣中查询图书


正题名:不安静的孩子     索取号:R395.6/JY252         预约/预借

序号 登录号 条形码 馆藏地/架位号 状态 备注
1 7861589   278615893   学院路分馆/ [索取号:R395.6/JY252] 在馆    
2 7861590   278615900   学院路分馆/ [索取号:R395.6/JY252] 在馆    
3 7861591   278615919   学院路分馆/ [索取号:R395.6/JY252] 在馆    
4 7861592   278615928   学院路分馆/ [索取号:R395.6/JY252] 在馆    
唐山师范学院图书馆 欢迎您!
大连网信软件有限公司© 版权所有